zpět

Detail výsledku týmu

Pardubický Pub PO, Pardubice

Datum a čas kvízu

24 Celkem bodů Celkový počet nahraných bodů na tomto kvízu bez doplňovacích otázek.
7. Pořadí na kvízu Konečné umístění týmu na tomto kvízu.

Zaznamenané odpovědi

# Otázka Odpověď Body Výsledky
1. Zubní lékařka Mariam Szyja z K... prodávala na netu své erotické fotografie 0
2. Hongkongské ministerstvo škols... C) badmintonu 1
3. Kapela Lucie v sobotu odehrála... Bezděz 0
4. 62letý muž čelí trestnímu ozná... A) ve vlaku nefungovaly toalety 0
5. Česká atletka Lurdes Gloria Ma... běh na 400 m 1
6. Téma začneme stavbou, které mn... v roce 1985 0
7. Žebříčků hodnotících nejoškliv... jako hotel 0
8. Pravděpodobně druhá největší a... Palác Parlamentu (Palác lidu, Dům národů), Bukurešť 0.5
9. I Slovensko má svého zástupce... Martina Šimkovičová 0
10. V této londýnské budově sídlí... SIS 0